Central Library OPAC University of Rajshahi

The life of Thomas Hardy, 1840-1928 : (Record no. 21188)

MARC details
000 -LEADER
fixed length control field 00950nam a2200241 a 4500
001 - CONTROL NUMBER
control field 21188
003 - CONTROL NUMBER IDENTIFIER
rucl marc code BD-RjUL
005 - DATE AND TIME OF LATEST TRANSACTION
control field 20211209000646.0
008 - FIXED-LENGTH DATA ELEMENTS--GENERAL INFORMATION
fixed length control field 140303r19651962enk 001 1 eng d
035 ## - SYSTEM CONTROL NUMBER
System control number (BD-RjUL)21252
-- (OCoLC)863260754
040 ## - CATALOGING SOURCE
Original cataloging agency LC
Language of cataloging eng
Transcribing agency LC
Modifying agency BD-RjUL
041 ## - LANGUAGE CODE
Language code of text/sound track or separate title eng
082 04 - DEWEY DECIMAL CLASSIFICATION NUMBER
Classification number 821.3
Author mark and year HAL 1965
100 1# - MAIN ENTRY--PERSONAL NAME
Personal name Hardy, Florence Emily,
Dates associated with a name 1881-1937.
9 (RLIN) 65478
245 14 - TITLE STATEMENT
Title The life of Thomas Hardy, 1840-1928 :
Remainder of title compiled largely from contemporary notes, letters, diaries, and biographical memoranda, as well as from oral information in conversations extending over many years /
Statement of responsibility, etc. by Florence Emily Hardy
260 ## - PUBLICATION, DISTRIBUTION, ETC. (IMPRINT)
Place of publication, distribution, etc. London :
Name of publisher, distributor, etc. MacMillan ;
Place of publication, distribution, etc. New York :
Name of publisher, distributor, etc. St. Martin's Press,
Date of publication, distribution, etc. c1962 [reprinted 1965, 1970].
300 ## - PHYSICAL DESCRIPTION
Pagination xiii, 470 p. :
Size 22 cm.
490 1# - SERIES STATEMENT
Series statement Papermac ;
Volume/sequential designation 130
504 ## - BIBLIOGRAPHY, ETC. NOTE
Bibliography, etc Includes index.
600 10 - SUBJECT ADDED ENTRY--PERSONAL NAME
Personal name Hardy, Thomas,
Dates associated with a name 1840-1928.
830 #0 - SERIES ADDED ENTRY--UNIFORM TITLE
Uniform title Papermac (London, England) ;
942 ## - ADDED ENTRY ELEMENTS (KOHA)
Source of classification or shelving scheme Dewey Decimal Classification
Koha item type Books
Holdings
Lost status Source of classification or shelving scheme Damaged status Not for loan Collection code Permanent Location Current Location Shelving location Date acquired Source of acquisition Cost, normal purchase price Total Checkouts Full call number Date last seen Copy number Koha item type
  Dewey Decimal Classification     Fiction Central Library, University of Rajshahi Central Library, University of Rajshahi   17/09/1968 Zeitlinger 25.00   821.3 HAL 1965 03/03/2014 C-2 Books
  Dewey Decimal Classification     Fiction Central Library, University of Rajshahi Central Library, University of Rajshahi   08/10/1973 Ideal library 33.00   821.3 HAL 1970 20/11/2016 C-3 Books
  Dewey Decimal Classification   Not For Loan Non-fiction Central Library, University of Rajshahi Central Library, University of Rajshahi Reading Room 17/09/1968 Zeitlinger 25.00   821.3 HAL 1965 23/01/2024 C-1 Books
  Dewey Decimal Classification   Not For Loan Non-fiction Central Library, University of Rajshahi Central Library, University of Rajshahi Reading Room 17/09/1968 Zeitlinger 25.00   821.3 HAL 1965 23/01/2024 C-4 Books